000
00331nam a2200133Ia 4500
008
240624s9999 xx 000 0 und d
041
_a
eng
082
_a
869.3 COE
100
_a
COELHO PAULO
245
_a
ELEVEN MINUTES
260
_c
2010
_a
London
_b
HarperCollins Publishers
300
_a
xi, , 275 , 19 : p. : cm.
365
_c
RS
999
_c
31327
_d
31327